00305cam a2200121u 4500082001600000100002600016245004400042250001200086260002800098300001900126650002000145650001800165 a541.369 LEW1 aLewitt, Ernest Henry,00aThermodynamics applied to heat engines; a5th ed. aLondon,bPitmanc[1953] a820 p.billus. 0aThermodynamics. 0aHeat-engines.